| 000 | 01074nam a22003017a 4500 | ||
|---|---|---|---|
| 001 | 5487 | ||
| 003 | FISKH | ||
| 005 | 20250814143048.0 | ||
| 008 | 241211b cb ||||| |||| 00| 0 eng d | ||
| 020 | _a9780439351812 | ||
| 040 |
_aFISKH _beng _cFISKH _dFISKH |
||
| 050 | _aHD9940.U6 | ||
| 082 | _a338.7 | ||
| 100 |
_aBurgan, Michael _d(1960-) |
||
| 245 |
_aThe story of Levi's / _cby Michael Burgan illustrated by Ron Himler |
||
| 250 | _aPublished in 2002 | ||
| 260 |
_aNew York : _bScholastic, _c2002. |
||
| 300 |
_a16 page : _bcolor illustrations ; _c23 cm |
||
| 505 | _aR | ||
| 520 | _aLevi Strauss is born in Buttenheim, Bavaria. After working with his brothers in their dry goods wholesale business in New York City, Levi emigrates to Gold Rush San Francisco. He opens his own dry goods business to serve small general stores of the American West. | ||
| 521 | 8 |
_a660L
_bLexile |
|
| 521 | 8 |
_aR
_bRaz-Plus |
|
| 650 |
_2Biography _aLevel T |
||
| 650 |
_2Fashion _aHistory |
||
| 700 |
_aHimler, Ron _dIllustrator |
||
| 942 |
_2ddc _cBK _n0 |
||
| 999 |
_c5487 _d5487 |
||